| 000 | 00461cam a22001457a 4500 | ||
|---|---|---|---|
| 008 | 180718b1934 xxu||||| |||| 00| 0 eng d | ||
| 082 | _aB5x42 M692 | ||
| 100 | _aMitchison, G. R. | ||
| 245 |
_aFirst workers government or New times for Henry Dubb _cby G. R. Mitchison |
||
| 260 |
_aLondon _bVictor Gollancz _c1934 |
||
| 300 | _a528p | ||
| 650 | _aGreat Britain --Economic policy. | ||
| 650 | _aSocialism --Great Britain | ||
| 650 | _aLabour Party (Great Britain) | ||
| 999 |
_c421811 _d421811 |
||